| 000 | 00644nam a22002177a 4500 | ||
|---|---|---|---|
| 999 |
_c2594 _d2594 |
||
| 003 | AR-CdUCM | ||
| 008 | 190305b ||||| |||| 00| 0 spa d | ||
| 040 |
_aMUNICIPALIDAD PROVINCIAL DEL CUSCO _cBIBLIOTECA MUNICIPAL DEL CUSCO |
||
| 082 |
_a808.83 / _bSW98 |
||
| 100 |
_aSwift, Jonathan _99160 |
||
| 245 | _aLos viajes de Gulliver / | ||
| 260 |
_aEspaña : _bSalvat editores, _c1969. |
||
| 300 |
_a188 páginas ; _c18.5 cm. |
||
| 440 |
_aLIbro RTV _n12 _99161 |
||
| 650 |
_aLiliput _99162 |
||
| 650 |
_aBrobdingnang _99163 |
||
| 650 |
_aCuentos infantiles _93927 |
||
| 700 |
_aDe Luaces, Juan G _99164 |
||
| 942 |
_2ddc _cLIBROS |
||
| 945 | _aafb | ||